| 000 | 01151cad a22002535a 4500 | ||
|---|---|---|---|
| 001 | L152391 | ||
| 008 | 110201s2011 xxk f 000 a0eng d | ||
| 035 | _a(Sirsi) u152391 | ||
| 041 | 0 | _aeng | |
| 050 | 0 | 4 | _a338.4369 $2 18 |
| 110 | 2 |
_aRider Levett Bucknall _95520 |
|
| 245 | 0 | 0 |
_aInternational report _bconstruction market intelligence, January 2011 _h[electronic publication] |
| 260 | 3 |
_a[S.l.] _bRLB _c2011 |
|
| 490 | 0 |
_aRLB International Report _vConstruction Market Intelligence, January 2011 |
|
| 520 | _aThis twice-yearly report covers construction market intelligence and data for the Americas, Asia, EMEA and Oceania; market data construction rates for cities in each region for offices, retail, hotels, car parking, industrial, residential multi-storey. | ||
| 521 | _aAdvanced | ||
| 590 | _aKA NTK | ||
| 650 | 2 | 4 | _aRLB INTERNATIONAL REPORT |
| 651 | 4 | _aInternational | |
| 690 | _aBUILT ENVIRONMENT-BUILDING COSTS | ||
| 690 | _aBUILT ENVIRONMENT-CONSTRUCTION MARKET | ||
| 856 | 4 | 0 |
_uhttps://rlb.com/rlb.com/pdf/research/RLB_International_Report_January_2011.pdf _zView the item free of charge (PDF file) at www.rlb.com |
| 942 | _n0 | ||
| 999 |
_c112034 _d112034 |
||